Genética (Record no. 9994)
[ view plain ]
| 000 -CABECERA | |
|---|---|
| campo de control de longitud fija | 01946cam a22004217a 4500 |
| 003 - IDENTIFICADOR DEL NÚMERO DE CONTROL | |
| campo de control | CHAP |
| 005 - FECHA Y HORA DE LA ÚLTIMA TRANSACCIÓN | |
| campo de control | 20220329133725.0 |
| 008 - DATOS DE LONGITUD FIJA--INFORMACIÓN GENERAL | |
| campo de control de longitud fija | 971013s1992 r 00010 d |
| 010 ## - NÚMERO DE CONTROL DE LA BIBLIOTECA DEL CONGRESO | |
| Número de control de LC | 9994 |
| 011 ## - ENLACE DEL NUMERO DE CONTROL DE LA BIBLIOTECA DEL CONGRESO [OBSOLETO] | |
| Número de control de LC | 10966 |
| 035 ## - NÚMERO DE CONTROL DEL SISTEMA | |
| Número de control de sistema | 10204 |
| 040 ## - FUENTE DE LA CATALOGACIÓN | |
| Centro/agencia transcriptor | CHAP |
| 082 #0 - NÚMERO DE LA CLASIFICACIÓN DECIMAL DEWEY | |
| Número de clasificación | 575.1 |
| Número de documento/Ítem | S82Y 1991 |
| 100 00 - ENTRADA PRINCIPAL--NOMBRE DE PERSONA | |
| Nombre de persona | Stansfield, William D. |
| 9 (RLIN) | 109468 |
| 245 10 - MENCIÓN DE TÍTULO | |
| Título | Genética |
| 260 ## - PUBLICACIÓN, DISTRIBUCIÓN, ETC. | |
| Lugar de publicación, distribución, etc. | México, D.F. : |
| Nombre del editor, distribuidor, etc. | McGraw-Hill, |
| Fecha de publicación, distribución, etc. | 1992 |
| 300 ## - DESCRIPCIÓN FÍSICA | |
| Extensión | 574 p. |
| Otras características físicas | : ilus |
| 500 ## - NOTA GENERAL | |
| Nota general | Trad. de : Schaum's outline of genetics, de la 3ed. en inglés de 1991 |
| 590 ## - NOTA LOCAL (RLIN) | |
| Nota local | BATCH-UPD |
| Procedencia (VM) [OBSOLETO] | 10 |
| Condición del los carretes individuales (VM) [OBSOLETO] | 20130110 |
| -- | UCH01 |
| -- | 0023 |
| 590 ## - NOTA LOCAL (RLIN) | |
| Nota local | BATCH-UPD |
| Procedencia (VM) [OBSOLETO] | 10 |
| Condición del los carretes individuales (VM) [OBSOLETO] | 20130110 |
| -- | UCH01 |
| -- | 1816 |
| 590 ## - NOTA LOCAL (RLIN) | |
| Nota local | BATCH-UPD |
| Procedencia (VM) [OBSOLETO] | 10 |
| Condición del los carretes individuales (VM) [OBSOLETO] | 20130410 |
| -- | UCH01 |
| -- | 1150 |
| 590 ## - NOTA LOCAL (RLIN) | |
| Nota local | BATCH-UPD |
| Procedencia (VM) [OBSOLETO] | 10 |
| Condición del los carretes individuales (VM) [OBSOLETO] | 20130914 |
| -- | UCH01 |
| -- | 1534 |
| 590 ## - NOTA LOCAL (RLIN) | |
| Nota local | CONVERSION |
| Procedencia (VM) [OBSOLETO] | 10 |
| Condición del los carretes individuales (VM) [OBSOLETO] | 20130109 |
| -- | UCH01 |
| -- | 1306 |
| 650 14 - PUNTO DE ACCESO ADICIONAL DE MATERIA--TÉRMINO DE MATERIA | |
| Término de materia o nombre geográfico como elemento de entrada | Genética. |
| 9 (RLIN) | 47469 |
| 901 ## - ELEMENTOS DE DATOS A LOCAL LDA (RLIN) | |
| a | BK |
| 942 ## - ELEMENTOS DE PUNTO DE ACCESO ADICIONAL (KOHA) | |
| Tipo de ítem Koha | Libro |
| 949 ## - PROCESAMIENTO DE INFORMACIÓN LOCAL (OCLC) | |
| a | 575.1 S82Y 1991 |
| b | BC |
| c | LIBRO |
| d | 33724000400784 |
| e | LIBRO |
| f | c.8 |
| g | I.c/e |
| h | 85529 |
| i | 10204 |
| s | i |
| t | 50.00 |
| 949 ## - PROCESAMIENTO DE INFORMACIÓN LOCAL (OCLC) | |
| a | 575.1 S82Y 1991 |
| b | BC |
| c | LIBRO |
| d | 33724000400909 |
| e | LIBRO |
| f | c.2 |
| g | I.c/e |
| h | 85523 |
| i | 10204 |
| s | o |
| t | 50.00 |
| 949 ## - PROCESAMIENTO DE INFORMACIÓN LOCAL (OCLC) | |
| a | 575.1 S82Y 1991 |
| b | BC |
| c | LIBRO |
| d | 33724000401022 |
| e | LIBRO |
| f | c.10 |
| g | I.c/e |
| h | 85531 |
| i | 10204 |
| s | i |
| t | 50.00 |
| 949 ## - PROCESAMIENTO DE INFORMACIÓN LOCAL (OCLC) | |
| a | 575.1 S82Y 1991 |
| b | BC |
| c | LIBRO |
| d | 33724000572947 |
| e | LIBRO |
| f | c.6 |
| g | I.c/e |
| h | 85527 |
| i | 10204 |
| s | i |
| t | 50.00 |
| 949 ## - PROCESAMIENTO DE INFORMACIÓN LOCAL (OCLC) | |
| a | 575.1 S82Y 1991 |
| b | BC |
| c | LIBRO |
| d | 33724000828646 |
| e | LIBRO |
| f | c.3 |
| g | I.c/e |
| h | 85524 |
| i | 10204 |
| s | i |
| t | 50.00 |
| 949 ## - PROCESAMIENTO DE INFORMACIÓN LOCAL (OCLC) | |
| a | 575.1 S82Y 1991 |
| b | BC |
| c | LIBRO |
| d | 33724000883500 |
| e | LIBRO |
| f | c.5 |
| h | 85526 |
| i | 10204 |
| s | o |
| 949 ## - PROCESAMIENTO DE INFORMACIÓN LOCAL (OCLC) | |
| a | 575.1 S82Y 1991 |
| b | BC |
| c | LIBRO |
| d | 33724000884706 |
| e | LIBRO |
| f | c.11 |
| h | 44283 |
| i | 10204 |
| s | o |
| t | 50.00 |
| 949 ## - PROCESAMIENTO DE INFORMACIÓN LOCAL (OCLC) | |
| a | 575.1 S82Y 1991 |
| b | BC |
| c | LIBRO |
| d | 33724000943155 |
| e | LIBRO |
| g | I.c/e |
| h | 85522 |
| i | 10204 |
| s | o |
| t | 50.00 |
| 949 ## - PROCESAMIENTO DE INFORMACIÓN LOCAL (OCLC) | |
| a | 575.1 S82Y 1991 |
| b | BC |
| c | LIBRO |
| d | 33724000987665 |
| e | LIBRO |
| f | c.4 |
| g | I.c/e |
| h | 85525 |
| i | 10204 |
| s | i |
| t | 50.00 |
| 949 ## - PROCESAMIENTO DE INFORMACIÓN LOCAL (OCLC) | |
| a | 575.1 S82Y 1991 |
| b | BC |
| c | LIBRO |
| d | 33724002019264 |
| e | LIBRO |
| f | c.9 |
| h | 85530 |
| i | 10204 |
| s | i |
| 949 ## - PROCESAMIENTO DE INFORMACIÓN LOCAL (OCLC) | |
| a | 575.1 S82Y 1991 |
| b | BC |
| c | LIBRO |
| d | 33724002019306 |
| e | LIBRO |
| f | c.7 |
| g | I.c/e |
| h | 85528 Sust.X |
| i | 10204 |
| s | i |
| t | 50.00 |
| Estado de retiro | Estado de pérdida | Fuente del sistema de clasificación o colocación | Estado dañado | Restricciones de uso | No para préstamo | Código de colección | Localización permanente | Ubicación/localización actual | Ubicación en estantería | Fecha de adquisición | Fuente de adquisición | Información codificada de la localización en otra ubicación | Total de préstamos | Signatura topográfica completa | Código de barras | Fecha visto por última vez | Número de copia | Precio válido a partir de | Tipo de ítem Koha | Renovaciones totales | Fecha del último préstamo |
|---|---|---|---|---|---|---|---|---|---|---|---|---|---|---|---|---|---|---|---|---|---|
| Dewey Decimal Classification | Préstamo 15 días | General | Biblioteca Central | Biblioteca Central | Planta alta - Colección General | 31/12/2019 | I.c/e | LIBRO | 575.1 S82Y 1991 | 33724000884706 | 31/12/2019 | c.11 | 31/12/2019 | Libro | |||||||
| Dewey Decimal Classification | Préstamo 15 días | General | Biblioteca Central | Biblioteca Central | Planta alta - Colección General | 31/12/2019 | I.c/e | LIBRO | 1 | 575.1 S82Y 1991 | 33724002019264 | 23/05/2023 | c.9 | 31/12/2019 | Libro | 1 | 19/04/2023 | ||||
| Dewey Decimal Classification | Préstamo 15 días | General | Biblioteca Central | Biblioteca Central | Planta alta - Colección General | 31/12/2019 | I.c/e | LIBRO | 11 | 575.1 S82Y 1991 | 33724002531777 | 17/02/2026 | c.5 | 31/12/2019 | Libro | 10 | 02/02/2026 | ||||
| Dewey Decimal Classification | Préstamo 15 días | General | Biblioteca Central | Biblioteca Central | Planta alta - Colección General | 31/12/2019 | I.c/e | LIBRO | 5 | 575.1 S82Y 1991 | 33724000400784 | 18/03/2026 | c.8 | 31/12/2019 | Libro | 5 | 26/02/2026 | ||||
| Dewey Decimal Classification | Préstamo 15 días | General | Biblioteca Central | Biblioteca Central | Planta alta - Colección General | 31/12/2019 | I.c/e | LIBRO | 7 | 575.1 S82Y 1991 | 33724000400909 | 19/09/2025 | c.2 | 31/12/2019 | Libro | 5 | 04/09/2025 | ||||
| Dewey Decimal Classification | Préstamo 15 días | General | Biblioteca Central | Biblioteca Central | Planta alta - Colección General | 31/12/2019 | I.c/e | LIBRO | 2 | 575.1 S82Y 1991 | 33724000401022 | 18/05/2022 | c.10 | 31/12/2019 | Libro | 25/03/2022 | |||||
| Dewey Decimal Classification | Préstamo 15 días | General | Biblioteca Central | Biblioteca Central | Planta alta - Colección General | 31/12/2019 | I.c/e | LIBRO | 2 | 575.1 S82Y 1991 | 33724002592050 | 29/06/2023 | c.6 | 31/12/2019 | Libro | 2 | 15/06/2023 | ||||
| Dewey Decimal Classification | Préstamo 15 días | General | Biblioteca Central | Biblioteca Central | Planta alta - Colección General | 31/12/2019 | I.c/e | LIBRO | 2 | 575.1 S82Y 1991 | 33724000828646 | 14/02/2025 | c.3 | 31/12/2019 | Libro | 3 | 30/01/2025 | ||||
| Dewey Decimal Classification | Préstamo 15 días | General | Biblioteca Central | Biblioteca Central | Planta alta - Colección General | 31/12/2019 | LIBRO | 12 | 575.1 S82Y 1991 | 33724000943155 | 23/04/2026 | 31/12/2019 | Libro | 10 | 14/04/2026 | ||||||
| Dewey Decimal Classification | Préstamo 15 días | General | Biblioteca Central | Biblioteca Central | Planta alta - Colección General | 31/12/2019 | LIBRO | 575.1 S82Y 1991 | 33724000987665 | 31/12/2019 | c.4 | 31/12/2019 | Libro | ||||||||
| Dewey Decimal Classification | Préstamo 15 días | General | Biblioteca Central | Biblioteca Central | Planta alta - Colección General | 31/12/2019 | LIBRO | 575.1 S82Y 1991 | 33724002019306 | 31/12/2019 | c.7 | 31/12/2019 | Libro |
